00479nam a2200193Ia 4500003000900000008004100009040001300050040001300063041000900076100002000085100000900105245004400114250001400158260001100172260000900183300001000192490000600202600007700208IT-RoPAU120407s9999 xx 000 0 und d aIT-RoPAU cIT-RoPAU alat  aCristiano Pesch cs.j. aCompendium theologiae dogmaticae. 6 ed. aFriburgi  aHerder c1940 c23 cm v1 a"Praelectiones Dogmaticae. T. III et IX Friburgi, Herder, 1923 2 v. 24"